LEADER 01119nam a2200265 i 4500 001 000000065594 003 CaOOAMICUS 005 20101210000000.0 008 101210s1966 xx u000 u fre u 013 $a36766 040 $aSeMil$bita 100 1 $aJadot, Pierre.$0(OLS)http://semarc/name/32966 245 10$aLiturgie et monde d'aujourd'hui /$cPierre Jadot, Thierry Maertens e Louis Retif. 260 $aBruges :$bBiblica,$ccopyr. 1966. 300 $a101 p. ;$c22 cm. 490 0 $aParoisse et liturgie : collection de pastorale liturgique ;$v70 650 4$aLiturgia.$0(OLS)http://semarc/subject/1618 700 1 $aRétif, Louis.$0(OLS)http://semarc/name/29963 700 1 $aMaertens, Thierry <1921- >.$0(OLS)http://semarc/name/10726 830 0$aParoisse et liturgie ;$v70.$0(OLS)http://semarc/title/4385 850 $aSeMil 852 $aSeMil$W1$xVenegono$y1$m3K IV 53$j31747$B31747$CSeMilBibl$Z2$F31750 $81 961 $aOmaggio: Aceti don Guido 996 $6245$aLiturgie et monde d'aujourd'hui$9(OLS)http://semarc/title/104126 996 $6260$aBruges :$bBiblica$9(OLS)http://semarc/publisher/36095 LEADER 01105nam a2200253 i 4500 001 000000205162 003 CaOOAMICUS 005 20110817000000.0 008 110817s1974 it u000 u ita u 013 $a183898 040 $aSeMil$bita 240 10$aByzanz.$0(OLS)http://semarc/title/297002 245 12$aL'Impero bizantino /$ca cura di Franz Georg Maier. 260 $aMilano :$bFeltrinelli,$c1974. 300 $a509 p. :$bcartine ;$c20 cm. 490 0 $aStoria universale Feltrinelli ;$v13 500 $aContiene : Bibliografia ; Elenchi di sovrani e di autoritŕ ecclesiastiche ; Indice delle figure nel testo. 650 4$aImpero romano d'Oriente <395-1453>.$0(OLS)http://semarc/subject/51981 700 1 $aMaier, Franz Georg.$0(OLS)http://semarc/name/73852 830 0$aStoria universale Feltrinelli ;$v13.$0(OLS)http://semarc/title/5791 850 $aSeMil 852 $aSeMil$W1$xVenegono$y1$m3V II 159$j155656$B155656$CSeMilBibl$Z2$F166954 $81 996 $6245$aL'Impero bizantino$9(OLS)http://semarc/title/297001 996 $6260$aMilano :$bFeltrinelli$9(OLS)http://semarc/publisher/30237